000 01055nam a2200313Ia 4500
005 20220317001411.0
008 161108s2004 sp a g 000 0 spa
020 _a9788426133663
020 _a8426133665
100 1 _aGutman, Anne
245 1 0 _aPenélope en la granja
_cAnne Gutman, Georg Hallensleben ; traducción Anna María Ascolies
250 _a1a. edición
300 _a[10] páginas
_bilustraciones en color
_c23 cm
490 _aUn libro animado
534 _tPénélope a la ferme
650 1 4 _2LEMB
_aÁlbumes infantiles franceses
650 1 4 _2LEMB
_aLiteratura infantil francesa
650 1 4 _2LEMB
_aAnimales en la literatura
650 1 4 _2LEMB
_aLibros ilustrados para niños
700 1 _aHallensleben, Georg
_919339
700 1 _aAscolies, Ana Maria
_etraductor
_972311
942 _2loc
_cBKLIT
264 _aBarcelona
_bJuventud
_c2004
336 _atexto
_btxt
_2rdacontent
337 _asin mediación
_bn
_2rdamedia
338 _avolumen
_bnc
_2rdacarrier
040 _aCO-BoRNBP
_bspa
_erda
_cCO-BoRNBP
084 _aA GUT1
999 _c6868
_d6868